Dutch non-political regions - Statistieken

Algemene statistieken
  • Deze quiz is 10 keer genomen
  • De gemiddelde score is 12 van 20
Antwoordstatistieken
Province Antwoord % Correct
Gelderland Achterhoek
100%
Flevoland Noordoostpolder
100%
Overijssel Twente
83%
Gelderland Veluwe
83%
Friesland Ameland
67%
Gelderland Betuwe
67%
Friesland Schiermonnikoog
67%
Zeeland Schouwen-Duiveland
67%
Friesland Terschelling
67%
Friesland Vlieland
67%
Zeeland Zeeuws-Vlaanderen
67%
Limburg Zuid-Limburg
67%
Zuid-Holland Goerree-Overflakkee
50%
Noord-Holland Gooi
50%
Overijssel Salland
50%
Noord-Holland Texel
50%
Flevoland Flevopolder
33%
Zeeland Beveland
17%
Noord-Holland Kop van Holland
17%
Gelderland Rijk van Nijmegen
17%
Geen overeenkomende quizzen gevonden
Scoreverdeling
Procent van Mensen met Elke Score
Percentiel versus Aantal Correcte Antwoorden
Uw Scoregeschiedenis
U heeft deze quiz nog niet genomen